Pather Panchali (Record no. 34555)

MARC details
000 -LEADER
fixed length control field 02852ngm a2200457 4500
003 - CONTROL NUMBER IDENTIFIER
control field dpl
005 - DATE AND TIME OF LATEST TRANSACTION
control field 20100310122136.0
007 - PHYSICAL DESCRIPTION FIXED FIELD--GENERAL INFORMATION
fixed length control field DVD
008 - FIXED-LENGTH DATA ELEMENTS--GENERAL INFORMATION
fixed length control field ||||||sp199 xxu|||||c ||| 00| 0 ng d
010 ## - LIBRARY OF CONGRESS CONTROL NUMBER
LC control number DVD-006276-6283
024 ## - OTHER STANDARD IDENTIFIER
Terms of availability 399.00
Standard number or code AVDVD417CE
035 ## - SYSTEM CONTROL NUMBER
System control number DVD-006276-6283
040 ## - CATALOGING SOURCE
Original cataloging agency DPL
Transcribing agency DPL
082 ## - DEWEY DECIMAL CLASSIFICATION NUMBER
Classification number DVD PATH
245 ## - TITLE STATEMENT
Title Pather Panchali
Statement of responsibility, etc Satyajit Ray Presents
Medium [videorecording] DVD/
260 ## - PUBLICATION, DISTRIBUTION, ETC. (IMPRINT)
Name of publisher, distributor, etc Angel Digital Premium
300 ## - PHYSICAL DESCRIPTION
Extent 1 videodisc DVD;
Other physical details sd., col. ;
Dimensions 4 3/4 in.
Type of unit DVD
440 ## - SERIES STATEMENT/ADDED ENTRY--TITLE
Title Angel Digital Premium
500 ## - GENERAL NOTE
General note 2 National Awards<br/>13 International Awards<br/>Among Top 100 Over Made Films in World
538 ## - SYSTEM DETAILS NOTE
System details note Dolby Digital 5.1 - Bengali Subtitles: English
538 ## - SYSTEM DETAILS NOTE
System details note NTSC Format-All Regions, 16x9 Anamorphic (2:23.1 Aspect Ratio), Dual Layer
650 ## - SUBJECT ADDED ENTRY--TOPICAL TERM
Topical term or geographic name as entry element Motion Picture
700 ## - ADDED ENTRY--PERSONAL NAME
Personal name Ray, Satyajit
700 ## - ADDED ENTRY--PERSONAL NAME
Personal name Ravi Shankar
700 ## - ADDED ENTRY--PERSONAL NAME
Personal name Bandyopadhyaya, Kanu
700 ## - ADDED ENTRY--PERSONAL NAME
Personal name Dasgupta, Uma
700 ## - ADDED ENTRY--PERSONAL NAME
Personal name Bandopadhyay, Karunu
700 ## - ADDED ENTRY--PERSONAL NAME
Personal name Chunibala Devi
700 ## - ADDED ENTRY--PERSONAL NAME
Personal name Runki
700 ## - ADDED ENTRY--PERSONAL NAME
Personal name Bandyopadhayay, Subir
942 ## - ADDED ENTRY ELEMENTS (KOHA)
Koha item type CD-ROMs, DVDs, VHS
Source of classification or shelving scheme Dewey Decimal Classification
Classification part DVD
Call number suffix PATH
Holdings
Withdrawn status Lost status Source of classification or shelving scheme Damaged status Not for loan Home library Current library Date acquired Source of acquisition Cost, normal purchase price Total Checkouts Full call number Barcode Date last seen Date checked out Copy number Cost, replacement price Price effective from Koha item type Total Renewals
    Dewey Decimal Classification     Central Library Central Library 10/03/2010 Pioneers/1003/28-11-09/325/13-10-09 /30-11-09 399.00 29 DVD PATH DVD-006276 07/12/2018 25/11/2018 1 399.00 10/03/2010 CD-ROMs, DVDs, VHS  
    Dewey Decimal Classification     Karol Bagh Karol Bagh 10/03/2010 Pioneers/1003/28-11-09/325/13-10-09 /30-11-09 399.00 14 DVD PATH DVD-006281 16/04/2015 16/04/2015 1 399.00 10/03/2010 CD-ROMs, DVDs, VHS  
    Dewey Decimal Classification     Narela Narela 10/03/2010 Pioneers/1003/28-11-09/325/13-10-09 /30-11-09 399.00 2 DVD PATH DVD-006282 27/11/2011 13/11/2011 1 399.00 10/03/2010 CD-ROMs, DVDs, VHS  
    Dewey Decimal Classification     Patel Nagar Patel Nagar 10/03/2010 Pioneers/1003/28-11-09/325/13-10-09 /30-11-09 399.00 10 DVD PATH DVD-006277 04/11/2015 30/11/2013 1 399.00 10/03/2010 CD-ROMs, DVDs, VHS 1
    Dewey Decimal Classification     R.K.Puram-8 R.K.Puram-8 10/03/2010 Pioneers/1003/28-11-09/325/13-10-09 /30-11-09 399.00 5 DVD PATH DVD-006279 26/07/2016 19/07/2016 1 399.00 10/03/2010 CD-ROMs, DVDs, VHS 2
    Dewey Decimal Classification     Sarojini Nagar Sarojini Nagar 10/03/2010 Pioneers/1003/28-11-09/325/13-10-09 /30-11-09 399.00 18 DVD PATH DVD-006278 04/11/2016 20/10/2016 1 399.00 10/03/2010 CD-ROMs, DVDs, VHS  
    Dewey Decimal Classification     Shahdara Branch Shahdara Branch 10/03/2010 Pioneers/1003/28-11-09/325/13-10-09 /30-11-09 399.00   DVD PATH DVD-006283 10/03/2010   1 399.00 10/03/2010 CD-ROMs, DVDs, VHS  
    Dewey Decimal Classification     Vinoba Puri Vinoba Puri 10/03/2010 Pioneers/1003/28-11-09/325/13-10-09 /30-11-09 399.00 6 DVD PATH DVD-006280 28/05/2014 12/02/2011 1 399.00 10/03/2010 CD-ROMs, DVDs, VHS  

© Delhi Public Library
Hit Counter
free hit counter